[Event "Mondiale Lampo FIDE 2022"]
[Site "Alma Ata"]
[Date "29.12.2022"]
[Round "12.21"]
[White "Abdusattorov, Nodirbek"]
[Black "Paravyan, David"]
[Result "1/2-1/2"]
[WhiteTitle ""]
[BlackTitle ""]
[WhiteElo "2713"]
[BlackElo "2586"]
[WhiteFideId "14204118"]
[BlackFideId "4194985"]
[EventDate "29.12.2022"]

1. e4 e5 2. Nf3 Nf6 3. Nxe5 d6 4. Nf3 Nxe4 5. d4 d5 6. Bd3 Bd6 7. O-O O-O 8. c4
c6 9. Re1 Bf5 10. Qb3 Na6 11. cxd5 cxd5 12. Nc3 Nb4 13. Bxe4 dxe4 14. Bg5 Qb6
15. Nxe4 Be6 16. Qa3 Rfe8 17. Nxd6 Qxd6 18. Bd2 a5 19. Rac1 Red8 20. Rc5 b6 21.
Rg5 Nc2 22. Qxd6 Rxd6 23. Rc1 Nxd4 24. Nxd4 Rxd4 25. Bc3 Rg4 26. Rxg4 Bxg4 27.
Bd4 Rc8 28. Rxc8+ Bxc8 29. Bxb6 a4 30. b4 axb3 31. axb3 f6 32. Kf1 Kf7 33. Ke2
Ke6 34. Bc5 Bb7 35. f3 h5 36. b4 Ba6+ 37. Ke3 g5 38. Bb6 h4 39. Bd8 Bf1 40. Kf2
Bb5 41. Ke1 Bc4 42. Kf2 Bb5 43. Bc7 Bc4 44. Ba5 Bb5 45. Bd8 Bc4 46. g4 hxg3+ 47.
Kxg3 Kf5 48. Kf2 Bb5 49. Ke3 Bc6 50. Bc7 Bb5 51. f4 Bf1 52. Bd6 Ba6 53. Bb8 Bf1
54. Bc7 Ba6 55. fxg5 fxg5 56. Kd4 Ke6 57. Kc5 Kd7 58. Be5 Bf1 59. b5 Kc8 60. Bd4
Kb7 61. b6 g4 62. Kd5 Bb5 63. Ke5 Bd7 64. Ke4 1/2-1/2

[Event "Mondiale Lampo FIDE 2022"]
[Site "Alma Ata"]
[Date "29.12.2022"]
[Round "12.22"]
[White "Jobava, Baadur"]
[Black "Van Foreest, Jorden"]
[Result "1-0"]
[WhiteTitle ""]
[BlackTitle ""]
[WhiteElo "2578"]
[BlackElo "2690"]
[WhiteFideId "13601520"]
[BlackFideId "1039784"]
[EventDate "29.12.2022"]

1. e4 e5 2. d4 exd4 3. Nf3 Nc6 4. Nxd4 Nf6 5. Nxc6 bxc6 6. Bd3 d5 7. exd5 cxd5
8. O-O Be7 9. h3 O-O 10. Nd2 c5 11. b3 a5 12. a4 h6 13. Re1 Bd6 14. Bb2 Rb8 15.
Qf3 Be6 16. Bb5 d4 17. Bc4 Qd7 18. Ba3 Rbc8 19. Rxe6 Bb8 20. Rae1 Qd6 1-0

[Event "Mondiale Lampo FIDE 2022"]
[Site "Alma Ata"]
[Date "29.12.2022"]
[Round "12.23"]
[White "Kobalia, Mikhail"]
[Black "Moiseenko, Alexander"]
[Result "1/2-1/2"]
[WhiteTitle ""]
[BlackTitle ""]
[WhiteElo "2577"]
[BlackElo "2577"]
[WhiteFideId "4119150"]
[BlackFideId "14102560"]
[EventDate "29.12.2022"]

1. e4 c5 2. Nf3 e6 3. g3 Nc6 4. Bg2 d5 5. exd5 exd5 6. O-O Nf6 7. d4 cxd4 8.
Nxd4 Be7 9. Nc3 O-O 10. h3 h6 11. Re1 Re8 12. Bf4 a6 13. Qd2 Nxd4 14. Qxd4 Be6
15. Rad1 Rc8 16. Nxd5 Nxd5 17. Bxd5 Bf6 18. Qd3 Bxd5 19. Rxe8+ Qxe8 20. Qxd5
Rxc2 21. Qxb7 Qe2 22. Rf1 Bd4 23. Be3 Bxe3 24. Qa8+ Kh7 25. Qe4+ Kg8 26. Qe8+
Kh7 27. Qe4+ Kg8 1/2-1/2

[Event "Mondiale Lampo FIDE 2022"]
[Site "Alma Ata"]
[Date "29.12.2022"]
[Round "12.24"]
[White "Asadli, Vugar"]
[Black "Petrosyan, Manuel"]
[Result "1-0"]
[WhiteTitle ""]
[BlackTitle ""]
[WhiteElo "2567"]
[BlackElo "2621"]
[WhiteFideId "13405764"]
[BlackFideId "13300857"]
[EventDate "29.12.2022"]

1. e4 e5 2. Nf3 Nc6 3. Bb5 Nf6 4. O-O Nxe4 5. Re1 Nd6 6. Bf1 Be7 7. Nc3 Nf5 8.
d4 Nfxd4 9. Nxd4 Nxd4 10. Rxe5 Ne6 11. Nd5 d6 12. Re1 O-O 13. Bd3 Bf6 14. Qh5 g6
15. Nxf6+ Qxf6 16. Qh6 Bd7 17. Bd2 Qxb2 18. Rab1 Qg7 19. Qh4 h5 20. Rxb7 Bc6 21.
Rb3 Qd4 22. Qg3 Qg4 23. Bxg6 Qxg6 24. Rxe6 Qg4 25. Rh6 Be4 26. Rxh5 Qxg3 27.
Rxg3+ Bg6 28. Bc3 1-0

[Event "Mondiale Lampo FIDE 2022"]
[Site "Alma Ata"]
[Date "29.12.2022"]
[Round "12.25"]
[White "Niemann, Hans Moke"]
[Black "Ponkratov, Pavel"]
[Result "0-1"]
[WhiteTitle ""]
[BlackTitle ""]
[WhiteElo "2698"]
[BlackElo "2577"]
[WhiteFideId "2093596"]
[BlackFideId "4157800"]
[EventDate "29.12.2022"]

1. d4 Nf6 2. c4 e5 3. dxe5 Ng4 4. Bf4 Nc6 5. Nf3 Bb4+ 6. Nbd2 Qe7 7. e3 Ngxe5 8.
Nxe5 Nxe5 9. Be2 O-O 10. O-O d6 11. a3 Ba5 12. b4 Bb6 13. Rc1 Ng6 14. Bg3 a5 15.
Nb3 axb4 16. axb4 Be6 17. c5 dxc5 18. Nxc5 Rfd8 19. Qe1 Bd5 20. Qc3 c6 21. Rfe1
h6 22. e4 Bxc5 23. Qxc5 Qxe4 24. Bf1 Qf5 25. Qb6 Rd7 26. Re3 h5 27. f3 Qg5 28.
Rce1 h4 29. Bf2 Nf4 30. g3 hxg3 31. hxg3 Ne6 32. Re5 Qf6 33. f4 Qh6 34. Bg2 Bxg2
35. Kxg2 Ra2 36. R1e2 Rxe2 37. Rxe2 Qh5 38. Re5 Qg4 39. Qe3 Rd3 40. Qe4 Rd2 41.
f5 Qxe4+ 42. Rxe4 Ng5 43. Re8+ Kh7 44. Kf1 Rb2 45. Bc5 Rb3 46. Kg2 b6 47. Be3
Rb2+ 48. Kf1 Nf3 49. Re4 g6 50. fxg6+ Kxg6 51. Bf4 Kf5 52. Rc4 Kg4 53. Rxc6 Rxb4
54. Kf2 Rb2+ 55. Ke3 b5 56. Rc7 Rb3+ 57. Kf2 f6 58. Rc6 Kf5 59. Be3 Ne5 60. Rc5
Ke4 61. Bf4 Nd3+ 0-1

[Event "Mondiale Lampo FIDE 2022"]
[Site "Alma Ata"]
[Date "29.12.2022"]
[Round "12.26"]
[White "Le, Tuan Minh"]
[Black "Cheparinov, Ivan"]
[Result "1-0"]
[WhiteTitle ""]
[BlackTitle ""]
[WhiteElo "2542"]
[BlackElo "2688"]
[WhiteFideId "12401153"]
[BlackFideId "2905540"]
[EventDate "29.12.2022"]

1. d4 d5 2. Nf3 Nf6 3. Bf4 c5 4. c3 Nc6 5. e3 Qb6 6. Qc2 g6 7. Nbd2 Bg7 8. Be2
Bf5 9. dxc5 Qxc5 10. Qb3 Na5 11. Qa4+ Bd7 12. Nb3 Nxb3 13. Qxb3 Bc6 14. O-O O-O
15. Rac1 Nd7 16. c4 Qb6 17. cxd5 Qxb3 18. axb3 Bxd5 19. Rc7 Nb6 20. Rxe7 Bxb2
21. b4 Rfe8 22. Rxe8+ Rxe8 23. Rd1 Rc8 24. h4 Rc1 25. Rxc1 Bxc1 26. Nd4 Bd2 27.
b5 Nd7 28. Bd6 f5 29. g4 fxg4 30. Bxg4 Nf6 31. Bc8 Ba5 32. Bc5 Ne4 33. Bxa7 Be1
34. f3 Nd6 35. Bd7 Bxh4 36. e4 Nxe4 37. fxe4 Bxe4 38. Be6+ Kg7 39. Bb3 Bf6 40.
Ne6+ Kh6 41. Be3+ g5 42. Nc5 Bf3 43. Kf2 Bh1 44. Bc2 Be7 45. Ne6 Bd5 46. Nd4 Kh5
47. Bxh7 g4 48. Bd3 Bh4+ 49. Ke2 Bf6 50. Nf5 Be5 51. Kf2 Be6 52. Be4 Bc4 53. b6
Ba6 54. Bc5 Bf4 55. Bd4 Kg5 56. Ng3 Bd6 57. Be3+ Kf6 58. Nf5 Be5 59. Nd4 Ke7 60.
Nb3 Bd6 61. Na5 g3+ 62. Kg2 Bb4 63. Nxb7 Ke6 64. Nc5+ Ke5 65. Nxa6 1-0

[Event "Mondiale Lampo FIDE 2022"]
[Site "Alma Ata"]
[Date "29.12.2022"]
[Round "12.27"]
[White "Murzin, Volodar"]
[Black "Gelfand, Boris"]
[Result "1-0"]
[WhiteTitle ""]
[BlackTitle ""]
[WhiteElo "2561"]
[BlackElo "2667"]
[WhiteFideId "44155573"]
[BlackFideId "2805677"]
[EventDate "29.12.2022"]

1. Nf3 c5 2. g3 Nc6 3. Bg2 g6 4. O-O Bg7 5. d3 d6 6. e4 e5 7. a4 Nge7 8. Na3 O-O
9. Nc4 h6 10. Kh1 Be6 11. c3 f5 12. Qe2 Qd7 13. Bd2 Rf7 14. Rae1 Raf8 15. Ng1 f4
16. Bc1 g5 17. f3 Ng6 18. Qd1 h5 19. Rf2 g4 20. Ref1 fxg3 21. hxg3 h4 22. Ne2 h3
23. f4 hxg2+ 24. Kxg2 d5 25. Ne3 dxe4 26. dxe4 exf4 27. gxf4 1-0

[Event "Mondiale Lampo FIDE 2022"]
[Site "Alma Ata"]
[Date "29.12.2022"]
[Round "12.28"]
[White "Indjic, Aleksandar"]
[Black "Daneshvar, Bardiya"]
[Result "1/2-1/2"]
[WhiteTitle ""]
[BlackTitle ""]
[WhiteElo "2636"]
[BlackElo "2500"]
[WhiteFideId "911925"]
[BlackFideId "12576468"]
[EventDate "29.12.2022"]

1. d4 Nf6 2. c4 e6 3. Nc3 Bb4 4. Qc2 d5 5. cxd5 exd5 6. Bg5 h6 7. Bh4 O-O 8. e3
c5 9. dxc5 Be6 10. Bd3 Nbd7 11. Ne2 Rc8 12. O-O Nxc5 13. Rad1 Nxd3 14. Qxd3 Be7
15. Nf4 Qb6 16. Bxf6 Bxf6 17. Nfxd5 Qxb2 18. Nxf6+ gxf6 19. Ne4 Bc4 20. Qd6 Bxf1
21. Nxf6+ Kh8 22. Qf4 Kg7 23. Nh5+ Kh7 24. Nf6+ Kg7 25. Rd4 Bd3 26. Nh5+ Kh7 27.
Nf6+ Kg7 28. Nh5+ Kh7 29. Nf6+ Kg7 1/2-1/2

[Event "Mondiale Lampo FIDE 2022"]
[Site "Alma Ata"]
[Date "29.12.2022"]
[Round "12.29"]
[White "Hovhannisyan, Robert"]
[Black "Shankland, Sam"]
[Result "0-1"]
[WhiteTitle ""]
[BlackTitle ""]
[WhiteElo "2597"]
[BlackElo "2710"]
[WhiteFideId "13302507"]
[BlackFideId "2004887"]
[EventDate "29.12.2022"]

1. e4 c5 2. Nf3 d6 3. d4 cxd4 4. Qxd4 Nf6 5. Nc3 Nc6 6. Bb5 Bd7 7. Bxc6 Bxc6 8.
Bg5 e6 9. O-O-O Be7 10. Bxf6 Bxf6 11. Qxd6 Qb6 12. Rhe1 Rc8 13. Re2 h6 14. Red2
Be7 15. Qd4 Qxd4 16. Rxd4 Bf6 17. R4d3 O-O 18. Nd4 Be8 19. Ndb5 Rc5 20. Nd6 Bc6
21. f4 Be7 22. Nxb7 Rh5 23. Na5 Rxa5 24. g3 Rb8 25. e5 Kf8 26. a3 g5 27. Rd4 Ke8
28. Ne4 Bxe4 29. Rxe4 Rc5 30. c3 a5 31. Kc2 Rc7 32. Rd3 g4 33. Ra4 Rcb7 34. b4
axb4 35. axb4 h5 36. Kb3 Kf8 37. Ra1 Kg7 38. Rad1 Bxb4 39. cxb4 Rxb4+ 40. Kc3
Rb3+ 41. Kd4 Rb2 42. R3d2 Rxd2+ 43. Rxd2 Kg6 44. Ke3 Kf5 45. Rd7 Kg6 46. Rd2
Rb3+ 47. Kf2 h4 48. Kg2 Kf5 49. Rd7 Rb2+ 50. Kg1 Kg6 51. gxh4 Rb4 52. h5+ Kg7
53. h6+ Kg6 54. h7 Rb8 55. Kg2 Rh8 56. Kg3 Rxh7 57. Kxg4 f5+ 58. exf6 Rxd7 0-1

[Event "Mondiale Lampo FIDE 2022"]
[Site "Alma Ata"]
[Date "29.12.2022"]
[Round "12.30"]
[White "Dardha, Daniel"]
[Black "Tomashevsky, Evgeny"]
[Result "1-0"]
[WhiteTitle ""]
[BlackTitle ""]
[WhiteElo "2606"]
[BlackElo "2694"]
[WhiteFideId "240990"]
[BlackFideId "4147235"]
[EventDate "29.12.2022"]

1. e4 c6 2. d4 d5 3. e5 Bf5 4. h4 h6 5. h5 e6 6. c4 Ne7 7. Nc3 Nd7 8. Nf3 a6 9.
Bd3 dxc4 10. Bxc4 Nd5 11. Nxd5 cxd5 12. Bd3 Bb4+ 13. Kf1 Bxd3+ 14. Qxd3 Qc7 15.
Be3 Qc4 16. Ke2 Qxd3+ 17. Kxd3 Nb8 18. a3 Be7 19. Nd2 Nc6 20. f4 Kd7 21. g4 f6
22. Rag1 Raf8 23. Nf3 Rf7 24. exf6 Bxf6 25. g5 Be7 26. gxh6 Rxh6 27. f5 Rh8 28.
fxe6+ Kxe6 29. Rg6+ Kd7 30. Ne5+ Nxe5+ 31. dxe5 Rf3 32. Rxg7 Ke6 33. Ke2 Rf5 34.
h6 Rxe5 35. Kd3 Rf5 36. Re1 Re5 37. Rxe7+ Kxe7 38. Bc5+ Kd7 39. Rxe5 Rxh6 40.
Rxd5+ Kc6 41. Rg5 Rh3+ 42. Be3 Rh2 43. Rc5+ Kd6 44. Bf4+ 1-0

[Event "Mondiale Lampo FIDE 2022"]
[Site "Alma Ata"]
[Date "29.12.2022"]
[Round "12.31"]
[White "Sarana, Alexey"]
[Black "Sychev, Klementy"]
[Result "1-0"]
[WhiteTitle ""]
[BlackTitle ""]
[WhiteElo "2668"]
[BlackElo "2556"]
[WhiteFideId "24133795"]
[BlackFideId "4114060"]
[EventDate "29.12.2022"]

1. d4 Nf6 2. c4 e6 3. Nc3 Bb4 4. e3 O-O 5. Bd3 d5 6. a3 Bxc3+ 7. bxc3 dxc4 8.
Bxc4 c5 9. Bd3 Qc7 10. Bb2 b6 11. Qe2 Bb7 12. e4 Nbd7 13. Nh3 e5 14. f3 cxd4 15.
cxd4 exd4 16. Bxd4 Rad8 17. Rd1 Ne5 18. Bb1 Rxd4 19. Rxd4 Qc5 20. Qe3 Ba6 21.
Nf4 Nc6 22. Rd3 Bxd3 23. Qxc5 bxc5 24. Bxd3 Rb8 25. Kd2 Nd4 26. Rb1 Rb6 27. Kc3
Kf8 28. a4 g5 29. Nh3 h6 30. Nf2 Ke7 31. Nd1 Ne2+ 32. Kd2 Nd4 33. Ne3 Rxb1 1-0

[Event "Mondiale Lampo FIDE 2022"]
[Site "Alma Ata"]
[Date "29.12.2022"]
[Round "12.32"]
[White "Kovalev, Vladislav"]
[Black "Maghsoodloo, Parham"]
[Result "0-1"]
[WhiteTitle ""]
[BlackTitle ""]
[WhiteElo "2623"]
[BlackElo "2719"]
[WhiteFideId "13504398"]
[BlackFideId "12539929"]
[EventDate "29.12.2022"]

1. e4 c5 2. Be2 Nc6 3. d3 g6 4. f4 Bg7 5. Nf3 d6 6. O-O f5 7. exf5 Bxf5 8. Nh4
Nf6 9. Nxf5 gxf5 10. Bh5+ Kd7 11. Bf3 e6 12. Na3 Rb8 13. Nc4 b5 14. Ne3 h5 15.
a4 b4 16. Nc4 Ng4 17. Qe1 d5 18. Ne3 Bd4 19. c3 Bg7 20. c4 Bd4 21. Kh1 b3 22.
cxd5 exd5 23. Nxf5 Re8 24. Qd1 Nf2+ 25. Rxf2 Bxf2 26. Bd2 Qf6 27. Bxd5 Qxf5 28.
Bxc6+ Kxc6 29. Qf3+ Kb6 30. a5+ Kb5 31. Qxf2 Qxd3 32. Bc3 Re2 33. Qf1 Rg8 34. h3
Qe4 35. Re1 Rxg2 36. Rxe2 Rxe2+ 37. Kg1 Qe3+ 38. Kh1 Qf2 39. Qxf2 Rxf2 40. Be5
c4 41. Kg1 Re2 42. Bc3 Re3 43. Bd4 Re4 0-1

[Event "Mondiale Lampo FIDE 2022"]
[Site "Alma Ata"]
[Date "29.12.2022"]
[Round "12.33"]
[White "Ganguly, Surya Shekhar"]
[Black "Petrosian, Tigran L."]
[Result "0-1"]
[WhiteTitle ""]
[BlackTitle ""]
[WhiteElo "2582"]
[BlackElo "2551"]
[WhiteFideId "5002150"]
[BlackFideId "13301616"]
[EventDate "29.12.2022"]

1. e4 g6 2. d4 Bg7 3. Nc3 a6 4. Be3 b5 5. Qd2 Bb7 6. f3 d6 7. a4 b4 8. Nd1 a5 9.
c3 bxc3 10. bxc3 Nd7 11. h4 Ngf6 12. g4 h5 13. g5 Nh7 14. Bd3 O-O 15. Ne2 e5 16.
d5 Nc5 17. Bb5 f6 18. Ng1 Nb3 19. Qa2 Nxa1 20. Qxa1 fxg5 21. hxg5 Nxg5 22. Qb2
Nxf3+ 23. Nxf3 Rxf3 24. Be2 Rxe3 25. Nxe3 Bc8 26. Rg1 Qh4+ 27. Kd2 Kh7 28. Qb5
Bh6 29. Qe8 Bxe3+ 30. Kd1 Bg4 31. Qf7+ Kh6 32. Bxg4 Bxg1 33. Be6 0-1

[Event "Mondiale Lampo FIDE 2022"]
[Site "Alma Ata"]
[Date "29.12.2022"]
[Round "12.34"]
[White "Esipenko, Andrey"]
[Black "Khusnutdinov, Rustam"]
[Result "1-0"]
[WhiteTitle ""]
[BlackTitle ""]
[WhiteElo "2678"]
[BlackElo "2441"]
[WhiteFideId "24175439"]
[BlackFideId "13701703"]
[EventDate "29.12.2022"]

1. e4 d5 2. exd5 Qxd5 3. Nc3 Qa5 4. d4 Nf6 5. Nf3 Bf5 6. a3 e6 7. Bd2 c6 8. Bc4
Qc7 9. Nh4 Bg4 10. f3 Bh5 11. g4 Bg6 12. Nxg6 hxg6 13. Qe2 Be7 14. O-O-O Nbd7
15. Ne4 Nd5 16. h4 O-O-O 17. Ng5 Rdf8 18. Kb1 Bd6 19. Bb3 Bf4 20. c4 N5f6 21.
Bb4 c5 22. dxc5 Nxc5 23. Bc2 Rd8 24. Bxc5 Rxd1+ 25. Rxd1 Qxc5 26. Nxf7 Re8 27.
Bxg6 Kc7 28. Qd3 Kb8 29. g5 Ng8 30. Ne5 Bxe5 31. Bxe8 a6 32. Bf7 Ne7 33. Bxe6
Qb6 34. Qd8+ 1-0

[Event "Mondiale Lampo FIDE 2022"]
[Site "Alma Ata"]
[Date "29.12.2022"]
[Round "12.35"]
[White "Tari, Aryan"]
[Black "Ansat, Aldiyar"]
[Result "1-0"]
[WhiteTitle ""]
[BlackTitle ""]
[WhiteElo "2659"]
[BlackElo "2291"]
[WhiteFideId "1510045"]
[BlackFideId "13715658"]
[EventDate "29.12.2022"]

1. e4 c5 2. Nc3 Nc6 3. f4 g6 4. Nf3 Bg7 5. Bb5 Nd4 6. O-O e6 7. e5 Ne7 8. Nxd4
cxd4 9. Ne4 O-O 10. a4 a6 11. Bd3 d5 12. exd6 Nf5 13. b3 Re8 14. Ba3 Bd7 15. g4
Nh6 16. h3 Bc6 17. Qe1 Rc8 18. Qg3 Bf8 19. d7 Bxd7 20. Bxf8 Rxf8 21. g5 Nf5 22.
Qg4 h5 23. Qe2 Bc6 24. Nf6+ Kh8 25. Bxf5 exf5 26. d3 Qd6 27. Rae1 b5 28. axb5
axb5 29. Qe5 Qxe5 30. Rxe5 b4 31. Rfe1 Kg7 32. Kf2 Rc7 33. Rc5 Rfc8 34. Ree5 Kf8
35. Rc4 Bb7 36. Rb5 Ba6 37. Rxc7 Rxc7 38. Rb8+ Rc8 39. Rxc8+ Bxc8 40. Nd5 h4 41.
Nxb4 Bb7 42. Na2 Ke7 43. Nc1 Kd6 44. b4 Bc6 45. Nb3 Kd5 46. Nc5 Kd6 47. Nb3 Kd5
48. Kf1 Ba4 49. Ke2 Bc6 50. Na5 Ba8 51. Nc4 Bc6 52. Ne5 1-0

[Event "Mondiale Lampo FIDE 2022"]
[Site "Alma Ata"]
[Date "29.12.2022"]
[Round "12.36"]
[White "Nesterov, Arseniy"]
[Black "Muradli, Mahammad"]
[Result "1-0"]
[WhiteTitle ""]
[BlackTitle ""]
[WhiteElo "2573"]
[BlackElo "2540"]
[WhiteFideId "24198455"]
[BlackFideId "13409301"]
[EventDate "29.12.2022"]

1. d4 Nf6 2. c4 g6 3. Nc3 Bg7 4. e4 O-O 5. Be2 d6 6. Be3 c5 7. d5 e6 8. Nf3 exd5
9. cxd5 Bg4 10. Nd2 Bxe2 11. Qxe2 Re8 12. O-O Na6 13. Rfe1 Nc7 14. a4 a6 15. a5
Rb8 16. h3 Qd7 17. Qd3 Nb5 18. Bf4 Nd4 19. Nc4 Bf8 20. e5 dxe5 21. Bxe5 Nxd5 22.
Bxb8 Rxb8 23. Ne5 Qd6 24. Qc4 Rd8 25. Nxd5 Qxd5 26. Qxd5 Rxd5 27. Nc4 Rd8 28.
Rad1 Kg7 29. Kf1 Rc8 30. Re5 h5 31. Rde1 Rc7 32. Re8 Nc6 33. Rd1 Be7 34. Nb6 Bf6
35. Nc4 Bd4 36. Rde1 Rd7 37. Ra8 Bf6 38. Rc8 Rd4 39. b3 Bd8 40. Re8 Rd1+ 41. Ke2
Rd5 42. Ke3 Rd7 43. f4 h4 44. Ne5 Nxe5 45. Rexd8 Rxd8 46. Rxd8 Nc6 47. Rd3 Nxa5
48. Rc3 b6 49. Ke4 Kf6 50. Kd5 Kf5 51. Re3 Kxf4 52. Rf3+ Kg5 53. Rxf7 Nxb3 54.
Rb7 b5 55. Rb6 c4 56. Rxa6 c3 57. Rc6 Nc1 58. Rxc3 Ne2 59. Rb3 Nf4+ 60. Ke4 Nxg2
61. Rb1 1-0

[Event "Mondiale Lampo FIDE 2022"]
[Site "Alma Ata"]
[Date "29.12.2022"]
[Round "12.37"]
[White "Sargsyan, Shant"]
[Black "Alonso Rosell, Alvar"]
[Result "1-0"]
[WhiteTitle ""]
[BlackTitle ""]
[WhiteElo "2645"]
[BlackElo "2561"]
[WhiteFideId "13306766"]
[BlackFideId "2270544"]
[EventDate "29.12.2022"]

1. d4 Nf6 2. c4 e6 3. Nf3 d5 4. g3 Be7 5. Bg2 O-O 6. Nc3 c6 7. O-O a5 8. b3 b6
9. Bb2 Ba6 10. Nd2 b5 11. Rc1 Nbd7 12. c5 b4 13. Na4 Re8 14. Re1 e5 15. dxe5 Ng4
16. Nf3 Bf8 17. Nd4 Ndxe5 18. h3 Nf6 19. f4 Ng6 20. Nxc6 Qc7 21. Bxf6 Qxc6 22.
Bd4 Rad8 23. e3 Ne7 24. Qg4 Bc8 25. Qf3 Nf5 26. Nb6 Bb7 27. Kh2 h6 28. Qf2 h5
29. Nc4 Qc7 30. Ne5 Ba6 31. g4 hxg4 32. hxg4 Nh6 33. Bf3 f6 34. Ng6 Kf7 35. Nxf8
Rxf8 36. Kg2 Bd3 37. Rh1 Rh8 38. c6 Be4 39. Bxe4 dxe4 40. Qg3 f5 41. Rh5 Nxg4
42. Rxf5+ Nf6 43. Rg5 Rh7 44. f5 Qc8 45. c7 Rd5 46. Rc6 Ne8 47. Rh5 Rxh5 48.
Qg6+ Kg8 49. Qxh5 Nxc7 50. Qg6 Rd7 51. f6 Qe8 52. Qg3 Nd5 53. fxg7 Rd8 54. Rh6
Kf7 55. Rh8 Qb5 56. g8=Q+ Rxg8 57. Qxg8+ Ke7 58. Rh7+ Kd6 59. Qd8+ Ke6 60. Rh6+
Kf5 61. Rh5+ Kg6 62. Qg5+ Kf7 63. Rh7+ Ke6 64. Qe5# 1-0

[Event "Mondiale Lampo FIDE 2022"]
[Site "Alma Ata"]
[Date "29.12.2022"]
[Round "12.38"]
[White "Tabatabaei, M. Amin"]
[Black "Aravindh, Chithambaram VR."]
[Result "0-1"]
[WhiteTitle ""]
[BlackTitle ""]
[WhiteElo "2660"]
[BlackElo "2607"]
[WhiteFideId "12521213"]
[BlackFideId "5072786"]
[EventDate "29.12.2022"]

1. d4 Nf6 2. c4 b6 3. Nf3 Bb7 4. g3 e6 5. Bg2 Be7 6. O-O O-O 7. Nc3 Ne4 8. Bd2
Qc8 9. Qc2 Nxd2 10. Qxd2 d6 11. e4 Nd7 12. Rfe1 e5 13. d5 g6 14. h4 Nf6 15. b4
Qd8 16. Bh3 Kg7 17. Kg2 h5 18. Rab1 Ng4 19. c5 a5 20. cxb6 cxb6 21. Ng5 Bc8 22.
f3 Bd7 23. b5 Rc8 24. Rbc1 Rc4 25. Ne2 Rb4 26. Rb1 Rxb1 27. Rxb1 Nf6 28. a4
Bxh3+ 29. Nxh3 Nd7 30. Qc2 Nc5 31. Nf2 Qd7 32. Nc1 Rc8 33. Qc4 f5 34. Qa2 g5 35.
hxg5 Bxg5 36. Nb3 fxe4 37. fxe4 Nxb3 38. Qxb3 Rf8 39. Rf1 Qf7 40. Qd1 Qg6 41.
Qe2 Bf4 42. Qf3 h4 43. Qg4 hxg3 44. Qxg6+ Kxg6 45. Nd3 Kg5 46. Ne1 Kg4 47. Rh1
Bd2 48. Nd3 Rf3 0-1

[Event "Mondiale Lampo FIDE 2022"]
[Site "Alma Ata"]
[Date "29.12.2022"]
[Round "12.39"]
[White "Suleymenov, Alisher"]
[Black "Tang, Andrew"]
[Result "0-1"]
[WhiteTitle ""]
[BlackTitle ""]
[WhiteElo "2476"]
[BlackElo "2540"]
[WhiteFideId "13707833"]
[BlackFideId "2059630"]
[EventDate "29.12.2022"]

1. d4 d5 2. c4 e6 3. Nf3 Nf6 4. Nc3 Be7 5. g3 O-O 6. Bg2 dxc4 7. Ne5 Qd6 8. O-O
Qa6 9. a4 c6 10. b3 Nd5 11. Bb2 cxb3 12. Qxb3 Nd7 13. Nd3 Qb6 14. Qc2 a5 15. Ne4
N7f6 16. Nec5 Qc7 17. e4 Nb4 18. Nxb4 axb4 19. Nb3 b6 20. d5 Bd7 21. Rfe1 e5 22.
f4 Bd6 23. Nd2 Rfe8 24. fxe5 Bxe5 25. Bxe5 Qxe5 26. Nc4 Qb8 27. d6 b5 28. axb5
Rxa1 29. Rxa1 cxb5 30. e5 bxc4 31. exf6 Qxd6 32. Qxc4 Qxf6 33. Rf1 Qb6+ 34. Kh1
Be6 35. Bd5 b3 36. Bxe6 Qxe6 37. Qb5 h6 38. Rf3 Qe1+ 39. Kg2 Qe2+ 40. Qxe2 Rxe2+
41. Kh3 b2 42. Rb3 f5 43. Rb7 Kh7 44. Rb6 g5 45. Rb7+ Kg6 46. Rb6+ Kh5 47. g4+
fxg4+ 48. Kg3 Rc2 49. Rb4 Rc3+ 50. Kg2 Kh4 51. Rxb2 h5 52. Ra2 g3 53. h3 Rc4 54.
Rb2 Rf4 55. Rb3 Rf2+ 56. Kg1 Kxh3 0-1

[Event "Mondiale Lampo FIDE 2022"]
[Site "Alma Ata"]
[Date "29.12.2022"]
[Round "12.40"]
[White "Amin, Bassem"]
[Black "Dragnev, Valentin"]
[Result "1-0"]
[WhiteTitle ""]
[BlackTitle ""]
[WhiteElo "2682"]
[BlackElo "2556"]
[WhiteFideId "10601457"]
[BlackFideId "1634852"]
[EventDate "29.12.2022"]

1. Nf3 Nf6 2. g3 b5 3. Bg2 Bb7 4. O-O e6 5. d3 Be7 6. e4 d6 7. Nd4 c6 8. f4 O-O
9. Kh1 a6 10. Nf3 c5 11. Be3 d5 12. e5 Ng4 13. Bg1 d4 14. h3 Nh6 15. g4 Nd7 16.
Nbd2 Kh8 17. Ne4 f6 18. exf6 gxf6 19. Qe2 Nf7 20. Ng3 Bd5 21. Rae1 Nd6 22. Nh4
f5 23. Nhxf5 Bxg2+ 24. Kxg2 exf5 25. Qxe7 Qc7 26. Re6 Nc8 27. Qg5 Qb7+ 28. Kh2
Qd5 29. Nxf5 Rg8 30. Re8 Qf7 31. Rfe1 Nf6 32. Nh6 1-0

[Event "Mondiale Lampo FIDE 2022"]
[Site "Alma Ata"]
[Date "29.12.2022"]
[Round "12.41"]
[White "Christiansen, Johan-Sebastian"]
[Black "Brunello, Sabino"]
[Result "1/2-1/2"]
[WhiteTitle ""]
[BlackTitle ""]
[WhiteElo "2578"]
[BlackElo "2519"]
[WhiteFideId "1512668"]
[BlackFideId "813613"]
[EventDate "29.12.2022"]

1. e4 e5 2. Nf3 Nc6 3. d4 exd4 4. Bc4 Bc5 5. Ng5 Nh6 6. Nxf7 Nxf7 7. Bxf7+ Kxf7
8. Qh5+ Kf8 9. Qxc5+ d6 10. Qc4 Qe7 11. Qe2 d5 12. Nd2 dxe4 13. Nxe4 Bf5 14. f3
Bxe4 15. fxe4 Re8 16. O-O+ Kg8 17. Bg5 Qc5 18. Qf3 h6 19. Qf7+ Kh7 20. Bxh6 Re7
21. Qd5 Qxd5 22. exd5 Nb4 23. Bg5 Rd7 24. d6 Nxc2 25. Rac1 d3 26. dxc7 Rxc7 27.
Rf3 Kg6 28. Rg3 Rd7 29. Rd1 Kf5 30. h4 Re8 31. Rgxd3 Rxd3 32. Rxd3 Re2 33. Rd7
Nb4 34. Rxb7 Rxb2 35. Rxa7 Nd3 36. Rxg7 Rxa2 37. h5 Ne5 38. h6 Ng4 39. Kf1 Rf2+
40. Ke1 Rxg2 41. h7 Rh2 42. Kd1 Nf6 43. Rf7 Kxg5 44. Rg7+ Kf5 45. Rf7 Kg6 46.
Ra7 Nxh7 47. Ke1 Nf6 48. Re7 Kf5 49. Re2 Rh4 50. Rf2+ Ke5 51. Ke2 Ne4 52. Rg2
Kd4 53. Rg8 Rh2+ 54. Kd1 Ke3 55. Kc1 Rf2 56. Rh8 Rg2 57. Rh3+ Ng3 58. Rh8 Ne2+
59. Kb2 Nd4+ 60. Kc3 Rc2+ 61. Kb4 Rc7 62. Rh3+ Ke4 63. Rh4+ Ke5 64. Rh5+ Nf5 65.
Rg5 Ke4 66. Rh5 Nd6 67. Rh4+ Kd5 68. Rh5+ Kd4 69. Rh4+ Ne4 70. Kb5 Rc5+ 71. Kb6
Re5 72. Kc6 Kc4 73. Rg4 Re6+ 74. Kd7 Kd5 75. Rg1 Nc5+ 76. Kc7 Rc6+ 77. Kd8 Re6
78. Kc7 Re7+ 79. Kb6 Rb7+ 80. Ka5 Rb2 81. Rg5+ Kd6 82. Rg6+ Ne6 83. Rh6 Kc5 84.
Rh5+ Kc4 85. Rh4+ Nd4 86. Ka6 Rb1 87. Rg4 Kc5 88. Rg5+ Kd6 89. Rg6+ Ne6 90. Rh6
Kd5 91. Ka5 Nc7 92. Ka4 Kc5 93. Rh2 Rb4+ 94. Ka3 Nb5+ 95. Ka2 Nc3+ 96. Ka3 Nb5+
97. Ka2 Kc4 98. Rh4+ Nd4 99. Rg4 Rb8 100. Rh4 Rb7 101. Rg4 Kd3 102. Rg3+ Kd2
103. Rg2+ Ne2 104. Rh2 Rb6 105. Ka3 Kc3 106. Rh3+ Kc4 107. Rh4+ Nd4 108. Ka2 Rb8
109. Rg4 Kd3 110. Rg3+ Kd2 111. Rg2+ Ne2 112. Rh2 Kd3 113. Ka3 Nc1 114. Rh7 Nb3
115. Rh3+ Kc4 116. Rh4+ Nd4 117. Ka2 Rf8 118. Rg4 Kc3 119. Rg3+ Nf3 120. Rh3 Rf7
121. Rg3 Kc2 122. Ka3 Ne5 123. Ka4 Rb7 124. Rh3 Nc4 125. Rh2+ Kc3 126. Rh3+ Kd4
127. Rh4+ Kd3 128. Rh3+ Ne3 129. Rg3 Kc4 130. Ka5 Nd5 1/2-1/2